000 00305nam a2200145Ia 4500
100 _aRobb/ Colin
942 _cBK
654 _adata book
245 _aMetals Data Book
260 _bInsitute of Metals
_aHyderabad
_c1987
082 _a620.16
_bROB
300 _a500
546 _aENGLISH
999 _c31697
_d31697